joueurs du losc - Statistiques

Statistiques générales
  • Ce quiz a été pris 26 fois
  • Le résultat moyen est 10 sur 16
Statistiques - réponses
Par images Hint Réponse % Correct
Fonte
91%
Ikone
91%
Bamba
86%
Yoro
86%
Enyeama
68%
Araujo
59%
Djalo
59%
Weah
59%
Botman
55%
Celik
55%
Xeka
55%
Benzia
50%
Broholm
50%
Jardim
50%
Soumare
41%
Mandava
32%
Aucun quiz correspondant
Distribution des résultats
% des personnes avec chaque résultat
Percentile par nombre de réponses
Votre historique - résultats
Vous n’avez pas pris ce quiz